Giorgione /

Uloženo v:
Podrobná bibliografie
Další autoři: Giorgione, Lilli, Virgilio
Médium: Kniha
Jazyk:italština
Vydáno: Milano : Rizzoli/Skira : Corriere della Sera, 2004
Edice:I classici dell'arte ; 31
Témata:
Tagy: Přidat tag
Žádné tagy, Buďte první, kdo vytvoří štítek k tomuto záznamu!

MARC

LEADER 00000nam a22000007i 4500
001 IT\ICCU\CAG\0759530
003 ItRI
005 20250412192645.0
008 040811s2004 it |||||| |||||0|||||c
040 |b ita  |c Arcigay Rimini 
041 7 |a ita  |2 ISO-639-2 
082 |a 759.5  |2 21 
245 0 0 |a Giorgione /  |c presentazione di Virgilio Lilli. 
260 |a Milano :  |b Rizzoli/Skira :  |b Corriere della Sera,  |c 2004 
300 |a 189 p. :  |b ill. ;  |c 21 cm 
500 |a Supplemento a: Corriere della Sera 
650 7 |a Giorgione 
700 0 |a Giorgione  |0 IT\ICCU\CFIV\019055 
700 1 |a Lilli, Virgilio  |0 IT\ICCU\CFIV\083886 
830 2 |a I classici dell'arte ;  |v 31  |0 IT\ICCU\LO1\0897989 
942 |2 ddc  |c BK 
952 |0 0  |1 0  |2 ddc  |4 0  |6 759_500000000000000_SAS_GIO  |7 1  |9 3762  |a RN  |b RN  |d 2025-04-12  |l 0  |o 759.5 SAS GIO   |p 11010  |r 2025-04-12 19:27:29  |w 2025-04-12  |y BK 
981 1 |6 z01  |a i   |b xxxe  
982 1 |6 z01  |a n 
999 |c 2942  |d 2942